NGỮ PHÁP TIẾNG VIỆT /

Bewaard in:
Bibliografische gegevens
Hoofdauteur: TRẦN KIM PHƯỢNG
Formaat: Boek
Taal:Vietnamese
Gepubliceerd in: HÀ NỘI, 2008.
Onderwerpen:
Tags: Voeg label toe
Geen labels, Wees de eerste die dit record labelt!
Thư viện lưu trữ: Mạng thư viện Đại học Đà Nẵng
LEADER 00635nam a22002291a 4500
001 000034230
003 10422
005 20220603153223.0
008 151027s2008 000 vie
041 |a vie 
082 |a 495.92306  |b TR-P 
100 |a TRẦN KIM PHƯỢNG 
245 0 |a NGỮ PHÁP TIẾNG VIỆT /  |c TRẦN KIM PHƯỢNG. 
260 |a HÀ NỘI,  |c 2008. 
300 |a 189tr. : ill ; 30cm. 
650 |a NGỮ PHÁP TIẾNG VIỆT, NGỮ PHÁP, TIẾNG VIỆT 
OWN |a LNN 
999 |a From the UDN01 
TYP |a Monograph 
980 |a Mạng thư viện Đại học Đà Nẵng